000 00722cab a2200217 4500
001 ABS53439
008 090401t1995 xxu||||| |||| 00| 0 eng d
035 _a(Sirsi) u4201
041 _aeng
100 _aStreat, R.
245 _aLandlords and tenants face up to a world without privity
260 _c1995
350 _a0
490 _aProperty Finance & Development
_v7(8) August 1995, 9-10(2)
520 _aDiscusses how the main provisions of the Landlord and Tenant (Covenants) Act 1995 will affect landlords and tenants. Gives examples.
650 _aLANDLORD AND TENANT (COVENANTS) ACT 1995
650 _aPRIVITY OF CONTRACT
690 _aPROPERTY-LANDLORD AND TENANT
942 _n0
948 _c04/03/1997
999 _c2514
_d2514